| 000 | 00542nam a2200181Ia 4500 | ||
|---|---|---|---|
| 001 | 20012 | ||
| 005 | 20260306172735.0 | ||
| 008 | 260306t2015||||xx |||||||||||||| ||spa|| | ||
| 041 | _aESP | ||
| 082 |
_a342.2 _bV19 |
||
| 100 |
_aValdivia Aguilar, Trilce _eAUT |
||
| 245 | 0 |
_aOrientación sexual y discriminación en el sistema interamericano de derechos humanos: _buna valoración crítica de la sentencia Atala Riffo y niñas vs. Chile |
|
| 260 | _c2015 | ||
| 300 |
_a _c |
||
| 650 | _aGEN | ||
| 654 | _aCDE | ||
| 942 |
_cLIB _dJUS _fJUS _2ddc _n |
||
| 999 |
_c20012 _d20012 |
||